| 000 | 00534nam a2200157 a 4500 | ||
|---|---|---|---|
| 008 | 120416s0000 ||||||||||||||||| || u | ||
| 020 | _a0070549435 | ||
| 050 | _aQA 276.12 Smi | ||
| 100 | _aSmidt, Robert K | ||
| 245 | 1 | 0 | _aStudy guide to accompany Sanders' statistics |
| 246 | _aa first course | ||
| 250 | _a5th ed. | ||
| 260 |
_aNew York _bMcGraw-Hill _c1995 |
||
| 350 | _a0.00 | ||
| 995 |
_D0.00 _FCBU-MAIN LIBRARY (Kitwe) _H1 _I11.95 _M1 _UDAMAGED _ZMain Library Open Access Collection |
||
| 999 |
_c58818 _d58818 |
||